ბათუმის შოთა რუსთაველის სახელმწიფო უნივერსიტეტის ბიბლიოთეკა

У истоков европейской культуры : (ბიბ.ჩანაწერი № 60914)

000 -LEADER
fixed length control field 00771nam a22001817a 4500
005 - DATE AND TIME OF LATEST TRANSACTION
control field 20231117125151.0
008 - FIXED-LENGTH DATA ELEMENTS--GENERAL INFORMATION
fixed length control field 231117s1961 ru ||||| |||| 00| 0 rus d
041 ## - LANGUAGE CODE
Language code of text/sound track or separate title rus
080 ## - UNIVERSAL DECIMAL CLASSIFICATION NUMBER
Universal Decimal Classification number 904(37+38) З-67
100 ## - MAIN ENTRY--PERSONAL NAME
Personal name Златковская, Т. Д.
9 (RLIN) 20422
245 ## - TITLE STATEMENT
Title У истоков европейской культуры :
Remainder of title (Троя, Крит, Микены) /
Statement of responsibility, etc. Т. Д. Златковская.
264 ## - PRODUCTION, PUBLICATION, DISTRIBUTION, MANUFACTURE, AND COPYRIGHT NOTICE
Place of production, publication, distribution, manufacture Москва :
Name of producer, publisher, distributor, manufacturer Издательство Академии наук СССР,
Date of production, publication, distribution, manufacture, or copyright notice 1961.
300 ## - PHYSICAL DESCRIPTION
Extent 167 с.:
Other physical details ил.
Dimensions 20 см.
653 ## - INDEX TERM--UNCONTROLLED
keyword არქეოლოგიური ძეგლები
653 ## - INDEX TERM--UNCONTROLLED
keyword ძველი საბერძნეთი
653 ## - INDEX TERM--UNCONTROLLED
keyword ეგეოსის კულტურა
942 ## - ADDED ENTRY ELEMENTS (KOHA)
Source of classification or shelving scheme
Koha item type წიგნი
ეგზემპლარები
Withdrawn status Lost status Source of classification or shelving scheme Damaged status Not for loan Permanent Location Current Location Shelving location Date acquired Cost, normal purchase price Full call number Barcode Date last seen Copy number Uniform Resource Identifier Price effective from Koha item type Public note
          ბათუმის შოთა რუსთაველის სახელმწიფო უნივერსიტეტის მთავარი ბიბლიოთეკა ბათუმის შოთა რუსთაველის სახელმწიფო უნივერსიტეტის მთავარი ბიბლიოთეკა წიგნსაცავი 2023-11-17 5.00 904(37+38) З-67 65467 2023-11-17 65467 ბსუ-ს საპატიო დოქტორის გურამ ლორთქიფანიძის საჩუქარი 2023-11-17 წიგნი 5 ლ.